00000000nam##2200000za#4500
0019.574483
003CaOODSP
00520210624184215
007cr |||||||||||
008150406|2005||||xxc|||||o    f|0| 0 eng|d
040 |aCaOODSP|beng
043 |an-cn---
0861 |aTU3-5/05-43E-PDF
1102 |aTransportation Safety Board of Canada.
24510|aCapsizing at take-off - Aviation Wheelair Cessna 185 seaplane C-FYZC, Lac Ouimet, Quebec, 29 September 2005 |h[electronic resource]
260 |aGatineau - Quebec : |bTransportation Safety Board of Canada |c2006.
300 |a9p.|bcoloured map
4901 |aAviation investigation report |vA05Q0178
500 |a"The Board authorized the release of this report on 10 October 2006" --p.9.
590 |a12-33-Supp|b2012-07-18
77508|tChavirement au décollage du Cessna 185 sur flotteurs C-FYZC, exploité par Aviation Wheelair au lac Ouimet (Québec), le 29 septembre 2005 |w(CaOODSP)9.604227
830#0|aAviation investigation report ;|vA05Q0178|w(CaOODSP)9.504825
85640|ahttp://publications.gc.ca|qPDF|s261 KB|uhttps://publications.gc.ca/collections/collection_2012/bst-tsb/TU3-5-05-43-eng.pdf|yA05Q0178